Coronation Street - Characters with most appearances - Statistics

General Stats
  • This quiz has been taken 479 times
  • The average score is 26 of 50
Answer Stats
Hint Answer % Correct
4624 Ken Barlow
98%
4345 Gail Rodwell
92%
2540 David Platt
87%
3286 Steve Macdonald
83%
3118 Kevin Webster
81%
3359 Sally Metcalfe
80%
2244 Tracy McDonald
73%
3184 Audrey Roberts
72%
2393 Liz McDonald
69%
1580 Peter Barlow
69%
2247 Roy Cropper
67%
2050 Sarah Barlow
67%
3298 Emily Bishop
61%
2075 Fiz Stape
61%
2088 Jack Duckworth
61%
2084 Tyrone Dobbs
61%
2276 Vera Duckworth
61%
3340 Deirdre Barlow
60%
3810 Rita Tanner
60%
2151 Leanne Battersby
59%
2349 Mike Baldwin
59%
1976 Bet Lynch
56%
1476 Carla Connor
56%
1642 Dev Alahan
56%
2096 Eileen Grimshaw
56%
1645 Norris Cole
55%
2001 Nick Tilsley
45%
1436 Hayley Cropper
44%
1720 Maria Connor
44%
1608 Elsie Tanner
43%
1614 Hilda Ogden
43%
1725 Annie Walker
41%
1247 Chesney Brown
41%
1368 Kirk Sutherland
39%
1362 Rosie Webster
39%
1556 Sophie Webster
38%
1776 Alf Roberts
36%
1787 Mavis Wilton
36%
2733 Betty Williams
33%
1563 Curly Watts
32%
1223 Stan Ogden
32%
1499 Jason Grimshaw
31%
1696 Sean Tully
31%
1641 Martin Platt
28%
1638 Michelle Connor
28%
1305 Albert Tatlock
23%
1768 Len Fairclough
22%
1273 Ashley Peacock
21%
1553 Janice Battersby
19%
1167 Ivy Brennan
13%
No matching quizzes found
Score Distribution
Percent of People with Each Score
Percentile by Number Answered
Your Score History
You have not taken this quiz